000 00694nam a2200241Ia 4500
003 OSt
005 20220923225003.0
006 a|||||r|||| 00| 0
007 ta
008 220922b |||||||| |||| 00| 0 hin d
024 _a254,730
037 _cTextual
040 _aARTS
_cARTS
_bhin
041 _2hin
_ahin
082 _aO152,3NGUx, M7
100 _aगुप्त, रमेश
245 0 _aबुद्ध का गृहत्याग
246 _aBuddha kā gṛuhatyāga
260 _c1987
650 _aहिन्दी साहित्य
_9156264
942 _hO152,3NGUx, M7
_cTEXL
_2CC
999 _c375256
_d375256